Saptuam tangthu : the 82nd anniversary of Bungmual Baptist Church, 1911-1993 (Record no. 7765)

MARC details
000 -LEADER
fixed length control field 00383nam a22001457a 4500
003 - CONTROL NUMBER IDENTIFIER
control field GBCCL
005 - DATE AND TIME OF LATEST TRANSACTION
control field 20241126110636.0
008 - FIXED-LENGTH DATA ELEMENTS--GENERAL INFORMATION
fixed length control field 180919b ||||| |||| 00| 0 eng d
040 ## - CATALOGING SOURCE
Transcribing agency GBC
082 ## - DEWEY DECIMAL CLASSIFICATION NUMBER
Classification number SOU SAP
Item number 1993
245 ## - TITLE STATEMENT
Title Saptuam tangthu : the 82nd anniversary of Bungmual Baptist Church, 1911-1993
260 ## - PUBLICATION, DISTRIBUTION, ETC.
Date of publication, distribution, etc. 1993
Place of publication, distribution, etc. Bungmual :
Name of publisher, distributor, etc. EBC
300 ## - PHYSICAL DESCRIPTION
Extent 150p ;
942 ## - ADDED ENTRY ELEMENTS (KOHA)
Source of classification or shelving scheme Dewey Decimal Classification
Koha item type Archives
Holdings
Withdrawn status Lost status Source of classification or shelving scheme Damaged status Not for loan Home library Current Library Shelving location Date acquired Total checkouts Full call number Barcode Date last seen Copy number Price effective from Koha item type
    Dewey Decimal Classification     GRACE BIBLE COLLEGE GRACE BIBLE COLLEGE Archives 2018-09-19   SOU SAP 1993 250141 2025-05-01 c.1 2018-09-19 Archives
    Dewey Decimal Classification     GRACE BIBLE COLLEGE GRACE BIBLE COLLEGE Archives 2018-09-19   SOU SAP 1993 250142 2025-05-01 c.1 2018-09-19 Archives
© Grace Bible College Library 2025